Biblioteca

Variety and unity in New Testament thought (Registro nro. 45873)

Detalles MARC
000 -LÍDER
Campo fijo de descripción fija 01388aam a2200277 4500
001 - NÚMERO DE CONTROL
Campo de control 19509
003 - IDENTIFICADOR DEL NÚMERO DE CONTROL
Campo de control CO-MdFUSB
005 - FECHA Y HORA DE LA ULTIMA TRANSACCIÓN
control field 20171110082907.0
008 - ELEMENTOS DE LONGITUD FIJA -- INFORMACIÓN GENERAL
Campo fijo de descripción fija -- Información general 170407t1991 enk||||| |||| 00| 0 eng d
020 ## - NÚMERO INTERNACIONAL NORMALIZADO PARA LIBROS
Número Internacional Normalizado del libro 0-19-826204-3
040 ## - FUENTE DE CATALOGACIÓN
Agencia de catalogación original CO-MdFUSB
Idioma de catalogación spa
Agencia que realiza la transcripción CO-MdFUSB
Agencia que realiza la modificación CO-MdFUSBC
Convenciones de la descripción rda
041 ## - CÓDIGO DE IDIOMA
Código de idioma para texto/pista de sonido o título separado eng
082 04 - NÚMERO DE CLASIFICACIÓN DECIMAL DEWEY
Número de clasificación G 225.6 R28v
100 1# - ASIENTO PRINCIPAL--NOMBRE PERSONAL
Nombre personal Reumann, John
Término relacionador autor
245 00 - TÍTULO
Título del Material Variety and unity in New Testament thought
Mención de responsabilidad, etc. / John Reumann
264 #4 - PRODUCCIÓN, PUBLICACIÓN, DISTRIBUCIÓN, MANUFACTURA, Y COPYRIGHT
Lugar de producción, publicación, distribución, manufactura Oxford, England:
Nombre del productor, publicador, distribuidor Oxford University Press,
Fecha de producción, publicación, distribución, manufactura, o copyright © 1991
300 ## - DESCRIPCIÓN FÍSICA
Extensión xii, 330 páginas
336 ## - TIPO DE CONTENIDO
Fuente rdacontent
Término de tipo de contenido texto
Código de tipo de contenido txt
337 ## - TIPO DE MEDIO
Fuente rdamedia
Nombre del tipo de medio sin mediación
Código del tipo de medio n
338 ## - TIPO DE SOPORTE
Fuente rdacarrier
Nombre del tipo de soporte volumen
Código Tipo de soporte nc
500 ## - NOTA GENERAL
Nota General Incluye índices p. 309-330)
501 ## - NOTA DE “CON”
Nota de Contenido Rústico
505 00 - NOTA DE CONTENIDO
Nota de contenido con formato preestablecido ¿Hay un centro del Nuevo Testamento? - El canon del Nuevo Testamento y las técnicas de la erudición moderna - Caminos propuestos hacia la unidad del Nuevo Testamento - Jesús de Nazaret como punto de partida - El testigo de los cuatro evangelios - La teología de Pablo - Introducción a los otros libros del Nuevo Testamento - La escuela de Pablo - 1 Pedro - El libro enigmático de Hebreos - La sabiduría de Santiago - Tres cartas de Juan - El desarrollos de Apocalipsis - Dos apologistas contundentes para el cristianismo primitivo - Otra mirada a Hechos - ¿Sostendrá un centro?
630 07 - TITULO UNIFORME
Título uniforme Biblia.
Nombre de parte o sección de la obra Nuevo Testamento
942 ## - TIPO DE MATERIAL (KOHA)
Tipo de Item KOHA Libros General
Existencias
Estado de Material Estado de Perdido Estado de Dañado No para Préstamo Colección Tomo Biblioteca de Origen Biblioteca Permanente Fecha de Adquisición Total de Préstamos Signatura Topográfica Código de Barras Última vez visto Ejemplar/Existencia Fecha de Remplazo Tipo de Material
        Colección General   Biblioteca FUSBC Biblioteca FUSBC 21/04/2015   G 225.6 R28v 19568 12/12/2019 1 26/01/2016 Libros General

Biblioteca FUSBC | Teléfono: (57+4) 349 88 10 Ext. 141| WhatsApp (+57) 3005338115 
E-mail: biblioteca@unisbc.edu.co | Calle 76 87-14 Robledo Palenque, Medellín, Colombia

Con tecnología Koha